Central Library OPAC University of Rajshahi

Keep the aspidistra flying / (Record no. 83451)

MARC details
000 -LEADER
fixed length control field 00645nam a2200229 a 4500
001 - CONTROL NUMBER
control field 83451
003 - CONTROL NUMBER IDENTIFIER
rucl marc code BD-RjUL
005 - DATE AND TIME OF LATEST TRANSACTION
control field 20240324103059.0
008 - FIXED-LENGTH DATA ELEMENTS--GENERAL INFORMATION
fixed length control field 240324r19621954enk 00011 eng d
035 ## - SYSTEM CONTROL NUMBER
System control number (BD-RjUL)83451
040 ## - CATALOGING SOURCE
Original cataloging agency NRTW
Transcribing agency NRTW
Language of cataloging eng
Modifying agency BD-RjUL
041 ## - LANGUAGE CODE
Language code of text/sound track or separate title eng
082 0# - DEWEY DECIMAL CLASSIFICATION NUMBER
Edition number 23
Classification number 823.912
Author mark and year ORK 1962
100 1# - MAIN ENTRY--PERSONAL NAME
Personal name Orwell, George,
Dates associated with a name 1903-1950.
9 (RLIN) 12495
245 10 - TITLE STATEMENT
Title Keep the aspidistra flying /
Statement of responsibility, etc. George Orwell.
250 ## - EDITION STATEMENT
Edition statement Uniform ed.
260 ## - PUBLICATION, DISTRIBUTION, ETC. (IMPRINT)
Place of publication, distribution, etc. London :
Name of publisher, distributor, etc. Secker & Warburg,
Date of publication, distribution, etc. 1954, [reprinted 1962]
300 ## - PHYSICAL DESCRIPTION
Pagination 303 p. ;
Size 21 cm.
500 ## - GENERAL NOTE
General note Originally published 1936.
650 ## - SUBJECT ADDED ENTRY--TOPICAL TERM
Topical term or geographic name as entry element English Fiction
942 ## - ADDED ENTRY ELEMENTS (KOHA)
Source of classification or shelving scheme Dewey Decimal Classification
Koha item type Books
Holdings
Lost status Source of classification or shelving scheme Damaged status Not for loan Collection code Permanent Location Current Location Shelving location Date acquired Source of acquisition Cost, normal purchase price Total Checkouts Full call number Date last seen Copy number Koha item type
  Dewey Decimal Classification   Not For Loan Fiction Central Library, University of Rajshahi Central Library, University of Rajshahi Reading Room 19/03/1964 Zeitlinger 18.00   823.912 ORK 1962 24/03/2024 C-1 Books